Loading...

Travancore state Manual, Vol.3

Bibliographic Details
Main Author: Nagam Aiya, V
Format: Printed Book
Published: Kerala gazetteers department, Thiruvananthapuram 1999
Subjects:
LEADER 00498nam a2200157 4500
082 |a 954.83 NAG.3 
100 |a Nagam Aiya, V 
245 |a Travancore state Manual, Vol.3  |c Nagam Aiya, V 
250
260 |a Kerala gazetteers department, Thiruvananthapuram  |c 1999 
300 |a 603 P 
490
650 |a Kerala history--Travancore history 
942 |c BK 
999 |c 190421  |d 190421 
952 |0 0  |1 0  |4 0  |6 954_830000000000000_NAG_3  |7 0  |9 203770  |a ISL  |b ISL  |l 0  |o 954.83 NAG.3  |p ISL03497  |r 2019-10-28  |w 2019-10-28  |y BK